000 00959nmm a2200301 a 4500
001 ocm000592808
003 TR-IsHL
005 20201028115545.0
008 130625s2008 tu tur
007 cr cn
020 _a9789756791844
035 _a592808
_b(N$T)
050 0 4 _aPL248.A36
_bG86 2008
090 0 4 _aPL248.A36
_bG86 2008
100 1 _aGümüşoğlu, Dursun
245 1 0 _aAhmed Edib harabi divanı: yaşamı ve tüm şiirleri
_h[electronic resource] /
_cDursun Gümüşoğlu
250 _a2. bs.
260 _aİstanbul :
_bCan Yayınları,
_c2008
300 _a688 p.
650 4 _aDil ve Edebiyat
650 4 _aLanguage and Literature
650 0 _aTürk şiiri
650 0 _aTurkish poetry
650 0 _aTürk edebiyatı
_x Divan
650 0 _aTurkish literature
_x Divan
650 7 _aPOETRY / Middle Eastern
_2bisacsh
856 4 0 _uhttp://search.ebscohost.com/login.aspx?direct=true&scope=site&db=e011xww&AN=592808
999 _c322
_d322